História dos povos indígenas no Espírito Santo: (Registro n. 639)

Detalhes MARC
000 -LÍDER
campo de controle de tamanho fixo 00990nam a22002297a 4500
003 - IDENTIFICADOR DO NÚMERO DE CONTROLE
campo de controle BR-ViAPE
005 - DATA E HORÁRIO DA ÚLTIMA TRANSAÇÃO
campo de controle 20260512164245.0
008 - CAMPO DE DADOS FIXOS--INFORMAÇÃO GERAL
campo de controle de tamanho fixo 260512s2019 porabcogsb||| 001 0 por d
020 ## - ISBN - INTERNATIONAL STANDARD BOOK NUMBER
Informação qualificadora 978-85-94353-80-1
040 ## - FONTE DA CATALOGAÇÃO
Instituição que transcreveu o registro BR-ViAPE
245 ## - TÍTULO
Título História dos povos indígenas no Espírito Santo:
Restante do título os Guarani
260 ## - PUBLICAÇÃO, DISTRIBUIÇÃO, ETC.
Local de publicação, distribuição, etc. Vitória
Nome do editor, distribuidor, etc. Editora Milfontes
Data da publicação, distribuição, etc. 2019
300 ## - DESCRIÇÃO FÍSICA
Extensão 110 p.
Outros detalhes físicos il.
Dimensões 20 cm.
300 ## - DESCRIÇÃO FÍSICA
Outros detalhes físicos Livro disponível em PDF
490 ## - TÍTULO DA SÉRIE
Título da série Coleção História dos Povos Indígenas no Espírito Santo
Número do volume ou designação sequencial da série v. 3
500 ## - NOTA GERAL
Nota geral Livro disponível em versão digital mediante autorização do autor. Pertence ao projeto APEES Autores Pela Memória
650 ## - ASSUNTO--TERMO TÓPICO
Cabeçalho tópico ou nome geográfico Indígenas
Subdivisão geral Antropologia
-- História
-- Guarani
Subdivisão geográfica Espírito Santo (Brasil)
651 ## - ASSUNTO—LOCAIS GEOGRÁFICOS E HISTÓRICOS
Nome geográfico Espírito Santo (Brasil)
700 ## - ENTRADA ADICIONADA - NOME PESSOAL
Nome pessoal Bentivoglio, Julio
Função do autor por extenso organizador
856 ## - LOCALIZAÇÃO ELETRÔNICA E ACESSO
Uniform Resource Identifier <a href="https://ape.es.gov.br/Media/ape/PDF/Livros/Autores_pela_memoria/BR_APEES_03_Livro_Os_Guarani.pdf">https://ape.es.gov.br/Media/ape/PDF/Livros/Autores_pela_memoria/BR_APEES_03_Livro_Os_Guarani.pdf</a>
Texto de ligação CLIQUE AQUI PARA ACESSAR O DOCUMENTO
942 ## - ELEMENTOS DE ENTRADA ADICIONADOS (KOHA)
Fonte da classificação ou esquema de arquivamento na estante Dewey Decimal Classification
Tipo de material Koha Livros
Ocultar no OPAC Yes
Exemplares
Status de descarte Fonte da classificação ou esquema de arquivamento na estante Status físico Não pode ser emprestado Biblioteca de origem Biblioteca atual Data de aquisição Total de empréstimos Data de último acesso Preço efetivo de Tipo de material Koha
  Dewey Decimal Classification     Biblioteca do Arquivo Público do Estado do Espírito Santo Biblioteca do Arquivo Público do Estado do Espírito Santo 05/12/2026   05/12/2026 05/12/2026 Livros